| 000 | 00676nam a2200229 a 4500 | ||
|---|---|---|---|
| 005 | 20240529063632.0 | ||
| 008 | 140626s2010 mx r 000 0 spa d | ||
| 020 | _a9786077749110 | ||
| 035 | _aUPN01000198363 | ||
| 049 | _aI | ||
| 050 | 4 |
_aPZ76.3 _bN4.7 |
|
| 100 | 1 |
_aNesquens, Daniel, _d1967- _931792 |
|
| 245 | 1 | 0 |
_aSeis leones / _cDaniel Nesquens ; il. Alberto Gamón. |
| 260 |
_aMéxico : _bCIDCLI, _c2010. |
||
| 300 |
_a[32] p. : _bil. col. |
||
| 440 | 0 | _aBrincacharcos | |
| 650 | 0 |
_aAnimales _vCuentos y leyendas _9234 |
|
| 650 | 4 |
_aLiteratura infantil española _95892 |
|
| 650 | 4 |
_aCirco _vLiteratura infantil _921760 |
|
| 905 | _aInfantil | ||
| 999 |
_c170464 _d170464 |
||